Průvodce dějinami standardních ekonomických teorií : kořeny a hlavní historické mezníky formování soudobé standardní mikroekonomické a makroekonomické teorie /

Hlavní autor: Sirůček, Pavel, 1965-
Jazyk: Čeština
Vydáno: Slaný : Melandrium, 2001
Témata:
Fyzický popis: 224 s. ; 21 cm
Knihy
Uloženo v:
LEADER 01182nam a2200301 a 4500
001 000567649
003 CZ BrMZK
005 20090529141417.0
007 ta
008 000115s2001 xr e p cze d
015 |a cnb001007942 
020 |a 80-86175-16-2 
035 |a (OCoLC)50342114 
040 |a BOA001  |b cze 
072 7 |a 330.8  |x Ekonomické teorie, doktríny, směry  |2 Konspekt  |9 4 
072 7 |a 37.016  |x Učební osnovy. Vyučovací předměty. Učebnice  |2 Konspekt  |9 22 
080 |a 330.8  |2 MRF 
080 |a (075.8)  |2 MRF 
100 1 |a Sirůček, Pavel,  |d 1965-  |7 jo2002100494  |4 aut 
245 1 0 |a Průvodce dějinami standardních ekonomických teorií :  |b kořeny a hlavní historické mezníky formování soudobé standardní mikroekonomické a makroekonomické teorie /  |c Pavel Sirůček 
260 |a Slaný :  |b Melandrium,  |c 2001 
300 |a 224 s. ;  |c 21 cm 
504 |a Obsahuje bibliografie a rejstřík 
650 0 7 |a ekonomické teorie  |7 ph114428  |2 czenas 
655 7 |a učebnice vysokých škol  |7 fd133772  |2 czenas 
910 |a BOA001  |b 2-1089.071 
990 |a BK 
996 6 |b 2610140969  |c 2-1089.071  |l MZK  |r Sklad / do 1 hodiny  |n 12  |p p.v.  |w 000567649  |u 000010  |a 1  |e BOA001  |j MZK50  |s P